000 00991nam a22003257a 4500
003 CHAP
005 20220817041119.0
008 971013s1985 r 00010 d
010 _a6702
011 _a7674
035 _a6898
040 _cCHAP
082 _a664.82
_bF3
110 _aFAO
245 _aPrevention of post-harvest food losses
260 _aRome :
_bFAO,
_c1985
300 _a120 p.
_b: ilus
490 _aFAO. Capacitación
_v; 10p
590 _aBATCH-UPD
_b10
_c20130110
_lUCH01
_h1555
590 _aBATCH-UPD
_b10
_c20130410
_lUCH01
_h0953
590 _aBATCH-UPD
_b10
_c20130914
_lUCH01
_h0119
590 _aCONVERSION
_b10
_c20130109
_lUCH01
_h1305
650 1 4 _aAlimentos
_xAlmacenamiento
_xPlagas.
_94163
650 1 4 _aAlimentos
_xPérdidas postcosecha.
_94259
650 1 4 _aProductos agrícolas
_xAlmacenamiento.
_991897
830 0 _aFAO. Capacitación
_v; 10p
_939463
901 _aBK
942 _cLIBRO
949 _a664.82 F3
_bBC
_cFAO
_d-16569
_eFAO1
_h68770
_i6898
_mD
_si
999 _c6702
_d6702